Подробности
| 000 -МАРКЕР |
| контрольное поле |
01876nam0a22003491 4500 |
| 001 - ИДЕНТИФИКАТОР ЗАПИСИ |
| контрольное поле |
rc\3674308 |
| 005 - ИДЕНТИФИКАТОР ВЕРСИИ |
| контрольное поле |
20260407091946.0 |
| 010 ## - МЕЖДУНАРОДНЫЙ СТАНДАРТНЫЙ НОМЕР КНИГИ (ISBN) |
| Тираж |
500 |
| Цена |
40 к. |
| 021 ## - НОМЕР ГОСУДАРСТВЕННОЙ РЕГИСТРАЦИИ |
| Код страны |
Российская Федерация |
| Номер |
[75-3154] |
| 035 ## - ДРУГИЕ СИСТЕМНЫЕ НОМЕРА |
| Идентификатор записи |
(NLR Aleph) 007843217 |
| 100 ## - ДАННЫЕ ОБЩЕЙ ОБРАБОТКИ |
| Данные общей обработки |
20130115d1974 |||y0rusy50 ca |
| 101 0# - ЯЗЫК РЕСУРСА |
| Язык текста, звукозаписи и т.д. |
русский |
| 102 ## - СТРАНА ПУБЛИКАЦИИ ИЛИ ПРОИЗВОДСТВА |
| Страна публикации |
Российская Федерация |
| 105 ## - ПОЛЕ КОДИРОВАННЫХ ДАННЫХ: ТЕКСТОВЫЕ МАТЕРИАЛЫ, МОНОГРАФИЧЕСКИЕ |
| Кодированные данные о монографическом текстовом документе |
y z ||||| |
| 200 1# - ЗАГЛАВИЕ И СВЕДЕНИЯ ОБ ОТВЕТСТВЕННОСТИ |
| Основное заглавие |
Кормление и разведение сельскохозяйственных животных |
| Сведения, относящиеся к заглавию |
Труды зоотехнического факультета Киргизского сельскохозяйственного института |
| Первые сведения об ответственности |
Министерство сельского хозяйства СССР. Киргизский сельскохозяйственный институт им. К.И. Скрябина |
| -- |
[редакционная коллегия: ... доц. Д.В. Бирюков (отв. ред.) и др.] |
| 210 ## - ПУБЛИКАЦИЯ, РАСПРОСТРАНЕНИЕ И ДР. |
| Место издания, распространения и т.д. |
Фрунзе |
| Дата издания, распространения и т.д. |
1974 |
| 215 ## - ФИЗИЧЕСКАЯ ХАРАКТЕРИСТИКА |
| Специфическое обозначение материала и объем |
92 с. |
| Размеры |
21 |
| 320 ## - ПРИМЕЧАНИЯ О НАЛИЧИИ В ДОКУМЕНТЕ БИБЛИОГРАФИИ / УКАЗАТЕЛЯ |
| Текст примечания |
Списки лит. в конце работ |
| 606 ## - НАИМЕНОВАНИЕ ТЕМЫ КАК ПРЕДМЕТ |
| Наименование темы |
Животноводство |
| Географический подзаголовок |
Киргизская АССР |
| Системный номер авторитетной/нормативной записи |
1073063 |
| Идентификатор авторитетной/нормативной записи |
RU\NLR\AUTH\66418191 |
| 606 1# - НАИМЕНОВАНИЕ ТЕМЫ КАК ПРЕДМЕТ |
| Наименование темы |
Сельскохозяйственные животные |
| Формальный подзаголовок |
Сборники |
| Тематический подзаголовок |
Кормление |
| Системный номер авторитетной/нормативной записи |
1593727 |
| Идентификатор авторитетной/нормативной записи |
RU\NLR\AUTH\66999376 |
| 606 1# - НАИМЕНОВАНИЕ ТЕМЫ КАК ПРЕДМЕТ |
| Наименование темы |
Сельскохозяйственные животные |
| Формальный подзаголовок |
Сборники |
| Тематический подзаголовок |
Разведение |
| Системный номер авторитетной/нормативной записи |
1056940 |
| Идентификатор авторитетной/нормативной записи |
RU\NLR\AUTH\66409573 |
| 686 1# - ИНДЕКСЫ ДРУГИХ КЛАССИФИКАЦИЙ |
| Индекс |
П531я43 |
| 686 1# - ИНДЕКСЫ ДРУГИХ КЛАССИФИКАЦИЙ |
| Индекс |
П545я43 |
| 702 #1 - ИМЯ ЛИЦА - ВТОРИЧНАЯ ОТВЕТСТВЕННОСТЬ |
| Начальный элемент ввода |
Бирюков |
| Часть имени, кроме начального элемента ввода |
Д.В. |
| Расширение инициалов личного имени |
Дмитрий Владимирович |
| Код отношения |
Редактор |
| 712 02 - НАИМЕНОВАНИЕ ОРГАНИЗАЦИИ - ВТОРИЧНАЯ ОТВЕТСТВЕННОСТЬ |
| Код отношения |
Издающая организация |
| Начальный элемент ввода |
Киргизский сельскохозяйственный институт им. К. И. Скрябина |
| Идентифицирующий признак |
Фрунзе |
| Системный номер авторитетной/нормативной записи |
309044 |
| Идентификатор авторитетной/нормативной записи |
RU\NLR\AUTH\8817904 |
| 801 #0 - ИСТОЧНИК ЗАПИСИ |
| Страна |
Российская Федерация |
| Организация |
NLR |
| Правила каталогизации |
psbo |
| 801 #1 - ИСТОЧНИК ЗАПИСИ |
| Страна |
Российская Федерация |
| Организация |
ELAR |
| Источник данных |
rusmarc |
| 852 ## - МЕСТОНАХОЖДЕНИЕ И ШИФР ХРАНЕНИЯ |
| Идентификатор организации |
NLR |
| Шифр хранения (Call Number) |
74-6/7053 |
| 942 ## - ДОПОЛНИТЕЛЬНЫЕ ЭЛЕМЕНТЫ ЗАПИСИ (АБИС) |
| Тип экземпляра АБИС |
Книга |
| 980 ## - КОЛЛЕКЦИЯ |
| Название коллекции |
Национальная библиография |